000 00468nam a2200193Ia 4500
008 210210b1905 xxu||||| |||| 00| 0 eng d
041 _aeng
082 _a544/142
100 _aPERKIN (F Mollow)
245 _aPractical methods of electro chemistry
260 _aLondon
_bLongman Green & Co Ltd.,
_c1905
300 _ax,321
650 _aPractical
650 _amethods
650 _aelectro
650 _achemistry
690 _aChemistry
906 _a009798
999 _c127228
_d127228